Sports Quiz

Random Sports or Olympics Quiz

Criteria Olympic Sports Quiz Stats

 Plays Quiz Updated Aug 8, 2016

Also try: Criteria NFL Teams
Challenge
Share
Tweet
Embed
Score 0/10 Timer 07:00
8 Plays Today
% Correct
???
100%
???
82.7%
???
64.7%
???
50.8%
???
42.5%
???
26.2%
???
25%
???
23.6%
???
18%
???
18%

You're not logged in!

Compare scores with friends on all Sporcle quizzes.
Join for Free
OR
Log In

You Might Also Like...

Show Comments

Extras

Top Quizzes Today


Score Distribution

Your Account Isn't Verified!

In order to create a playlist on Sporcle, you need to verify the email address you used during registration. Go to your Sporcle Settings to finish the process.

Report this User

Report this user for behavior that violates our Community Guidelines.

Details: